Vplyv tepelného cyklovania na mikroštruktúru modifikovaných supravodivých pások pre obmedzovače skratových prúdov

Guardado en:
Detalles Bibliográficos
Autor principal: Pacher, Dávid (Autor)
Otros Autores: Pekarčíková, Marcela (Orientador)
Formato: Manuscrito Libro
Lenguaje:eslovaco
Publicado: 2020
Materias:
Acceso en línea:http://is.stuba.sk/zp/portal_zp.pl?podrobnosti=151377
Etiquetas: Agregar Etiqueta
Sin Etiquetas, Sea el primero en etiquetar este registro!

MARC

LEADER 00000ntm a22000003a 4500
001 stuzp78958
003 SK-STU
005 20200704212416.9
007 ta
008 150427s2015----xo-----f-mn---000-0-slo-d
040 |a STU  |b slo 
041 0 |a slo 
100 1 |a Pacher, Dávid  |u 061000  |k Z4  |4 aut  |U MTF Materiálovotechnologická fakulta  |T MTF Ústav materiálov  |X 80199  |U M1000  |Y 81  |7 80199 
242 0 1 |a Effect of thermal cycling on microstructure of mofidified superconducting tapes for fault current limiters  |y eng 
245 1 0 |a Vplyv tepelného cyklovania na mikroštruktúru modifikovaných supravodivých pások pre obmedzovače skratových prúdov 
260 |c 2020 
650 4 |a supravodivosť  |2 slo 
650 4 |a vysokoteplotné supravodiče  |2 slo 
650 4 |a tepelná stabilizácia  |2 slo 
650 4 |a obmedzovače skratových prúdov  |2 slo 
650 4 |a superconductivity  |2 eng 
650 4 |a coated conductors  |2 eng 
650 4 |a thermal stabilization  |2 eng 
650 4 |a fault current limiter  |2 eng 
700 1 |a Pekarčíková, Marcela  |u 061000  |k Z2  |4 ths  |U MTF Materiálovotechnologická fakulta  |T MTF Ústav materiálov  |X 4722  |U M1000  |Y 81  |7 A000004722 
856 4 |u http://is.stuba.sk/zp/portal_zp.pl?podrobnosti=151377 
996 |c M* DP-14369  |l MMSKP  |s P  |a 0  |w stuzp78958_0001